US States Comprised of One Catholic Diocese - Statistics

General Stats
  • This quiz has been taken 64 times
  • The average score is 9 of 12
Answer Stats
Diocese of ... State % Correct
Cheyenne Wyoming
85%
Portland Maine
84%
Manchester New Hampshire
84%
Wilmington Delaware
80%
Burlington Vermont
80%
Honolulu Hawaii
78%
Providence Rhode Island
78%
Salt Lake City Utah
75%
Boise Idaho
73%
Wheeling-Charleston West Virginia
65%
Little Rock Arkansas
64%
Charleston South Carolina
55%
No matching quizzes found
Score Distribution
Percent of People with Each Score
Percentile by Number Answered
Your Score History
You have not taken this quiz